Spiritual care in practice: (Record no. 19456)
[ view plain ]
| 000 -LEADER | |
|---|---|
| fixed length control field | 00558nam a22001697a 4500 |
| 008 - FIXED-LENGTH DATA ELEMENTS--GENERAL INFORMATION | |
| fixed length control field | 220822b |||||||| |||| 00| 0 eng d |
| 020 ## - INTERNATIONAL STANDARD BOOK NUMBER | |
| International Standard Book Number | 1849059763 |
| 050 ## - LIBRARY OF CONGRESS CALL NUMBER | |
| Classification number | BL65 |
| Item number | .S65 2015 |
| 245 ## - TITLE STATEMENT | |
| Title | Spiritual care in practice: |
| Remainder of title | case studies in healthcare chaplaincy/ |
| Statement of responsibility, etc. | edited by George Fitchett & Steve Nolan |
| 260 ## - PUBLICATION, DISTRIBUTION, ETC. (IMPRINT) | |
| Place of publication, distribution, etc. | London |
| Name of publisher, distributor, etc. | Jessica Kingsley Publishers |
| Date of publication, distribution, etc. | 2015 |
| 300 ## - PHYSICAL DESCRIPTION | |
| Extent | 318p. |
| 650 ## - SUBJECT ADDED ENTRY--TOPICAL TERM | |
| Topical term or geographic name as entry element | Pastoral care |
| Form subdivision | methods |
| 650 ## - SUBJECT ADDED ENTRY--TOPICAL TERM | |
| Topical term or geographic name as entry element | Chaplaincy service |
| Form subdivision | Hospital |
| General subdivision | methods |
| 650 ## - SUBJECT ADDED ENTRY--TOPICAL TERM | |
| Topical term or geographic name as entry element | Patients |
| Form subdivision | psychology |
| 650 ## - SUBJECT ADDED ENTRY--TOPICAL TERM | |
| Topical term or geographic name as entry element | Spirituality |
| 942 ## - ADDED ENTRY ELEMENTS (KOHA) | |
| Source of classification or shelving scheme | Library of Congress Classification |
| Koha item type | General Collection |
| Withdrawn status | Lost status | Source of classification or shelving scheme | Not for loan | Home library | Current library | Date acquired | Total Checkouts | Full call number | Barcode | Date last seen | Price effective from | Koha item type | Cost, normal purchase price | Date last checked out |
|---|---|---|---|---|---|---|---|---|---|---|---|---|---|---|
| Library of Congress Classification | Kabarak, Main Campus | Kabarak, Main Campus | 22/08/2022 | BL65 .S65 2015 c.1 | 032398 | 02/08/2024 | 22/08/2022 | General Collection | ||||||
| Library of Congress Classification | Kabarak, Main Campus | Kabarak, Main Campus | 22/08/2022 | 1 | BL65 .S65 2015 c.2 | 032225 | 11/04/2025 | 22/08/2022 | General Collection | 3131.00 | 10/02/2025 | |||
| Library of Congress Classification | Kabarak, Main Campus | Kabarak, Main Campus | 28/10/2022 | BL65 .S65 2015 c.3 | 032723 | 02/08/2024 | 28/10/2022 | General Collection | 3280.00 |